Responses for Show #2347 - Tuesday, November 15, 1994

1994 Tournament of Champions quarterfinal game 2.

Contestants

[<< previous game]

Jeff Stewart, a College Tournament winner originally from The Dalles, Oregon

Fred Frank, a medical student from Palo Alto, California

Bill Pitassy, an attorney from Cranford, New Jersey

[next game >>]

Jeopardy! Round responses

MYTHS & LEGENDS
SPORTS
NEWSPAPERS & MAGAZINES
NOTABLE NAMES
U.S. CITIES
5-LETTER WORDS
    $100 27
Lightning

Bill
    $100 19
Marathon

Jeff
    $100 30
Fortune

Jeff
    $100 29
Wine

Bill
    $100 1
Chicago

Fred
    $100 25
India

Fred
    $200 18
Cyclopses

Fred
    $200 5
Indianapolis Motor Speedway

Fred
    $200 23
Pravda

Bill
    $200 24
Panama

Jeff
    $200 28
Dover

Jeff
    $200 26
Graze

Jeff
    $300 17
Werewolves

Bill
    $300 4
Tennis

Fred
    $300 10
Toronto

Fred
    $300 8
Heart transplant

Fred
    $300 15
Seattle

Jeff
    $300 22
Decal

Jeff
    $400 16
Morgan le Fay

Bill
    $400 3
Bobby Jones

Fred
    $400 11
Lloyd's of London

Fred
    $400 12
(Bill: What is Cuba?)

Hispaniola

BillFred
    $400 7
Pittsburgh

Fred
    $400 20
Eland

Bill
    $500 6
Roc

Jeff
    $500 2
Eddie Arcaro

Fred
    $500 9
The New Yorker

Fred
    $2,000 13
(Alex: It takes us to our first break; I'm sure Bill & Jeff will appreciate this break right now!)

James D. Watson

Fred
    $500 14
Dallas

Fred
    $500 21
(Bill: What is the Codex?)
(Fred: What is Torah?)

Canon

BillFred
Triple Stumper

Scores at the first commercial break (after clue 13):

Bill Fred Jeff
-$400 $5,800 $500

Scores at the end of the Jeopardy! Round:

Bill Fred Jeff
$600 $6,100 $1,900

Double Jeopardy! Round responses

U.S. PRESIDENTS
LANGUAGES
20th CENTURY WOMEN
ASTRONOMY
COLLECTIONS
PLAYS & PLAYWRIGHTS
    $200 23
Harry S. Truman

Jeff
    $200 28
Japanese

Jeff
    $200 30
Anne Frank

Jeff
    $200 27
Meteors

Jeff
    $200 29
Beer

Bill
    $200 25
Figaro

Bill
    $400 21
Woodrow Wilson

Bill
    $400 22
French

Fred
    $400 26
Margaret Mead

Jeff
    $400 20
Mercury

Fred
    $400 24
Fort Knox

Jeff
    $400 14
Waiting for Godot

Bill
    $1,000 6
Ulysses S. Grant

Bill
    $600 1
Indonesia

Jeff
    $4,000 17
MADD (Mothers Against Drunk Driving)

Jeff
    $600 19
(Jeff: What is the Great Ring System?)

the Great Red Spot

BillJeff
    $600 15
The Hermitage

Fred
    $600 13
Chaillot

Bill
    $800 5
(Bill: Who is Franklin Roosevelt?)
(Fred: Who is Truman?)

Andrew Jackson

BillFred
Triple Stumper
    $800 3
Danish

Fred
    $800 10
Karen Silkwood

Bill
    $800 18
Solar eclipse

Bill
    $800 2
Dead Sea Scrolls

Bill
    $800 9
Equus

Jeff
    $1000 4
Herbert Hoover

Bill
    $1000 7
Mandarin

Jeff
    $1000 11
Shirley Chisholm

Bill
    $1000 16
(Bill: What is Saturn?)

Neptune

BillJeff
    $1000 12
(Jeff: What is the National Museum?)

the Ashmolean Museum

BillJeff
    $1000 8
Eugene O'Neill

Bill

Scores at the end of the Double Jeopardy! Round:

Bill Fred Jeff
$8,600 $7,500 $9,300

Final Jeopardy! Round responses

AFRICAN LANDMARKS
FredWhat is Kilimanjaro?
$3,500
BillWhat is Victoria Falls?
$8,600
JeffWhat is Kilimanjaro?
$1,200
Victoria Falls

Final scores:

Bill Fred Jeff
$17,200 $4,000 $8,100
Automatic semifinalist 3rd place: $1,000 if eliminated 2nd place: $1,000 if eliminated

Game dynamics:

Coryat scores:

Bill Fred Jeff
$8,200 $6,000 $5,900
20 R
(including 1 DD),
4 W
19 R
(including 1 DD),
2 W
19 R
(including 1 DD),
2 W

Combined Coryat: $20,100

[game clues] [game scores] [suggest correction]

Game tape date: 1994-10-11
The J! Archive is created by fans, for fans. Scraping, republication, monetization, and malicious use prohibited; this site may use cookies and collect identifying information. See terms. The Jeopardy! game show and all elements thereof, including but not limited to copyright and trademark thereto, are the property of Jeopardy Productions, Inc. and are protected under law. This website is not affiliated with, sponsored by, or operated by Jeopardy Productions, Inc. Join the discussion at JBoard.tv.